| 000 | 00560nam a2200181 a 4500 | ||
|---|---|---|---|
| 005 | 20140310183435.0 | ||
| 008 | 080128s19uu xx 00 eng d | ||
| 020 | _a9780071477871 | ||
| 050 |
_aHF 5438.25 _b.Sp747 2007 |
||
| 100 | _aStinnett, Bill | ||
| 245 |
_aSelling results : _bthe innovative system for maximizing sales by helping your customers achieve their business goals. |
||
| 260 |
_aNew York : _bMcGraw-Hill, _c2007. |
||
| 300 |
_a255 p. : _bill. ; _c25 cm. |
||
| 521 | _aBSBA | ||
| 650 | _aSelling. | ||
| 942 |
_cBK _2lcc _kFOR |
||
| 999 |
_c22852 _d22852 |
||